| 000 | 00391nam a2200169Ia 4500 | ||
|---|---|---|---|
| 008 | 210210b1944 xxu||||| |||| 00| 0 eng d | ||
| 041 | _aeng | ||
| 082 | _a570/55 | ||
| 100 | _aPHALEN (J A) | ||
| 245 | _aBlood plasma program | ||
| 260 |
_aWashington _bNot Mentioned _c1944 |
||
| 650 | _aprogram | ||
| 650 | _aplasma | ||
| 650 | _aBlood | ||
| 690 | _aHuman Physiology | ||
| 906 | _a010247 | ||
| 999 |
_c138015 _d138015 |
||